La crítica de arte en México en el siglo XIX : estudio y documentos II : 1858-1878 /
Obra en tres volúmenes que presenta el desarrollo de la crítica del arte en México, desde su movimiento de independencia (1810), hasta los primeros años del siglo XX (1903). En ellos, se analizan las diferentes corrientes que influyeron en la producción artística, la relación del arte con la realida...
Gardado en:
| Autor Principal: | |
|---|---|
| Formato: | Libro |
| Idioma: | Lingua castelá |
| Publicado: |
México :
UNAM, Instituto de Investigaciones Estéticas,
1964, c1964
|
| Series: | (Estudios y Fuentes del Arte en México ;
17) |
| Temas: | |
| Etiquetas: |
Sen Etiquetas, Sexa o primeiro en etiquetar este rexistro!
|
MARC
| LEADER | 00000nam^a2200000^a^4500 | ||
|---|---|---|---|
| 001 | 000125191 | ||
| 005 | 20250521000000.0 | ||
| 009 | 20260310094639.669 | ||
| 037 | |a Acervo ITESO - Biblioteca | ||
| 041 | |a ESP | ||
| 082 | |a 701. 1 |b ROD V. 2 | ||
| 100 | |a Rodríguez Prampolini, Ida |e (autor) | ||
| 240 | 1 | 4 | |a [La crítica de arte en México en el siglo XIX] |
| 245 | 1 | 3 | |a La crítica de arte en México en el siglo XIX : |b estudio y documentos II : 1858-1878 / |c I. Rodríguez Prampolini. |
| 264 | 4 | |a México : |b UNAM, Instituto de Investigaciones Estéticas, |c 1964, c1964 | |
| 300 | |a 476 p. | ||
| 336 | |a texto |b txt |2 rdacontenido | ||
| 337 | |a sin mediación |b n |2 rdamedio | ||
| 338 | |a volumen |b nc |2 rdasoporte | ||
| 440 | 1 | |a (Estudios y Fuentes del Arte en México ; |v 17) | |
| 520 | |a Obra en tres volúmenes que presenta el desarrollo de la crítica del arte en México, desde su movimiento de independencia (1810), hasta los primeros años del siglo XX (1903). En ellos, se analizan las diferentes corrientes que influyeron en la producción artística, la relación del arte con la realidad sociopolítica del país, así como la influencia de la crítica de arte en la creación misma y como expresión cultural en sí. | ||
| 649 | |a XX | ||
| 650 | |a Creación (Literaria, Artística, etc.) - |z México - |x Historia - |y Siglo XIX | ||
| 650 | |a Arte Moderno - |z México - |x Historia y Crítica | ||
| 650 | |a Arte Mexicano - |x Historia y Crítica - |x Tema Principal | ||
| 650 | |a Arte y Política - |z México - |x Historia y Crítica | ||
| 650 | |a Arte y Sociedad - |z México - |x Historia y Crítica | ||
| 650 | |a Arte - |x Historia y Crítica | ||
| 650 | |a Política Cultural - |z México - |x Historia - |y Siglo XIX | ||
| 650 | |a Cultura - |x Difusión - |z México - |x Historia - |y Siglo XIX - |x Tema Principal | ||
| 650 | |a Cultura - |z México - |x Historia - |y Constitución y Reforma, 1855-1863 | ||
| 650 | |a Cultura - |z México - |x Historia - |y Intervención y Segundo Imperio, 1861-1867 | ||
| 650 | |a Cultura - |z México - |x Historia - |y República Liberal, 1867-1911 | ||
| 650 | |a Cultura - |z México - |x Historia - |y Siglo XIX | ||
| 650 | |a México - |x Historia - |y Siglo XIX | ||
| 910 | |a Fondo Salvador Reynoso Reynoso | ||
| 920 | |a Impresos - Libros | ||
| 930 | |a Fondos Especiales | ||
| 905 | |a 112 | ||
| 901 | |a 0800008008 |b IT2 |c ESP |u 20250521 | ||
| 902 | |a https://opac.biblio.iteso.mx/vufind/Record/000125191 | ||